00653cam a22001813a 450000100060000000300060000600500170001200800410002904000150007004200070008510000390009224501900013126000290032150600300035051600200038083000290040085600420042939928PGUSA20140828083905.0120606s2012||||xxu|||||s|||||000 | eng d aPGUSAbeng adc1 aWallace, Alfred Russel,d1823-191310aMan's Place in the Universe :bA Study of the Results of Scientific Research in Relation to the Unity or Plurality of Worlds, 3rd Editionh[electronic resource] /cAlfred Russel Wallace bProject Gutenberg,c2012 aPublic domain in the USA. aElectronic text 0aProject Gutenbergv3992840uhttp://www.gutenberg.org/ebooks/39928